Popular Shoe Brands II - Statistics

General Stats
  • This quiz has been taken 8 times
  • The average score is 9 of 16
Answer Stats
Picture Answer % Correct
Timberland
100%
Ugg
100%
Birkenstock
86%
Fila
86%
Converse
71%
Hoka
71%
Under Armour
71%
Vans
71%
Yeezy
57%
Li-Ning
43%
Alexander McQueen
29%
Balenciaga
29%
Brooks
29%
Puma
29%
Rick Owen’s
29%
Vicinity
29%
No matching quizzes found
Score Distribution
Percent of People with Each Score
Percentile by Number Answered
Your Score History
You have not taken this quiz